Statistics for Indigenous Languages in Mexico

Click here to take the quiz!

General Stats

  • This quiz has been taken 122 times
  • The average score is 5 of 15

Answer Stats

# SpeakersLanguage% Correct
1,740,026Nahuatl
97%
792,000Yucatec Maya
92%
450,000Zapotec
53%
480,216Mixtec
48%
124,494Purépecha
33%
290,000Otomi
31%
133,482Mixe
24%
161,120Huastec
23%
445,856Tzeltal Maya
19%
220,000Mazatec
18%
240,000Totonac
18%
404,704Tzotzil Maya
18%
212,117Ch'ol
17%
140,840Mazahua
11%
125,153Chinatec
10%

Score Distribution

Percentile by Number Answered

Percent of People with Each Score

Your Score History

You have not taken this quiz